| 000 | 00964cam a22003015a 4500 | ||
|---|---|---|---|
| 001 | 017042465 | ||
| 003 | OSt | ||
| 005 | 20160828114916.0 | ||
| 008 | 160222t2015 enka frd 001 0 eng d | ||
| 020 | _a9781292075419 (paperback.) | ||
| 020 | _a1292075414 (paperback) | ||
| 040 |
_aStDuBDS _beng _cStDuBDS _dUk _dEG-ScBUE |
||
| 082 | 0 | 4 |
_a005.71 _222 _bPAN |
| 100 | 1 |
_aPanko, Raymond R. _937998 |
|
| 245 | 1 | 0 |
_aBusiness data networks and security / _cRaymond R. Panko, Julia L. Panko. |
| 250 | _a10th ed., Global ed. | ||
| 260 |
_aHarlow : _bPearson Education Limited, _cc.2015. |
||
| 300 |
_a474 p. : _bill. ; _c23 cm. |
||
| 500 | _aPrevious edition: 2013. | ||
| 500 | _aGlossary : p. 428-454. | ||
| 500 | _aIndex : p. 455-474. | ||
| 650 | 7 |
_aBusiness enterprises _xComputer networks. _2BUEsh _927486 |
|
| 650 | 7 |
_aData transmission systems. _2BUEsh _98864 |
|
| 651 | _2BUEsh | ||
| 653 |
_bCOMSCI _cAugust 2016 |
||
| 700 | 1 | _aPanko, Julia L. | |
| 942 | _2ddc | ||
| 999 |
_c22249 _d22221 |
||